000 00373nam a2200145Ia 4500
008 230917s9999||||xx |||||||||||||| ||und||
040 _e36018
_aMAIN
041 _aEnglish
082 _a658.3 R187P
100 _aRatnam, C S Venkata
245 0 _aPersonnel management and human resources
260 _aNew Delhi
_bTata McGraw-Hill
_c1994
300 _a348 p.
942 _cBK
999 _c66526
_d66526